000 00740cam a2200289 4500
001 7566
003 BD - JhCC
005 20231115100202.0
008 730924s1974 caua b 001 0 eng
020 _a0471632503
035 _a(BD - JhCC)7566
035 _a(OCoLC)00714402
035 _aGLIS00113418
040 _aDLC
_cDLC
_dCHS
_dMYG
_dBD - JhCC
041 _aeng
050 0 _aQK47
_b.N396
082 _bNEU 1974
099 _aQK47.N396
100 1 _aNeushul, M.
245 1 0 _aBotany /
_c Michael Neushul.
260 _aSanta Barbara, Calif.,
_bHamilton Pub. Co.
_c[1974]
300 _axviii, 532 p.
_billus.
_c23 x 28 cm.
504 _aBibliography: p. 481-483.
650 0 _aBotany.
942 _2ddc
_cBK
999 _c7566
_d7566